000 00660nam a2200241Ia 4500
001 2704
005 20240113233551.0
007 ta
008 050301s1961 g b000 u hin u
040 _aCotton College,Assam
041 _ahin
082 _a891.4309
_bG 959 H
100 _aGupta, Ganapatichandra .
245 0 _aHindi Sahitya Samashya aur Samadhan /
_cGanapatichandra Gupta.
_hTextual Documents
250 _a1st ed. /
260 _aDelhi :
_bAshok prakashan ,
_c1961.
300 _a288p. ;
_c20cm..
653 _aHindi literature-Criticism
653 _aGen-Hindi
942 _2ddc
_cBK
999 _c2697
_d2697